[Event "XLII Abierto Internacional Ciudad de Se"]
[Site "Sevilla (SPAIN)"]
[Date "2017.01.19"]
[Round "7.8"]
[White "Petkov, Vladimir"]
[Black "Montero Melendez, Rafael"]
[Result "0-1"]
[WhiteElo "2500"]
[BlackElo "2304"]
[PlyCount "124"]
[EventDate "2017.01.13"]

1. d4 d5 2. c4 c6 3. Nf3 Nf6 4. Nc3 dxc4 5. a4 Bf5 6. e3 e6 7. Bxc4 Bb4 8. O-O
O-O 9. h3 h6 10. Qe2 Bh7 11. Rd1 Nbd7 12. Bd3 Bxd3 13. Rxd3 Qe7 14. e4 Rad8 15.
e5 Nd5 16. Nxd5 cxd5 17. a5 Rc8 18. Nh2 f5 19. Rg3 Kh7 20. Nf3 Rxc1+ 21. Rxc1
Bxa5 22. Ne1 Nb8 23. Nd3 Nc6 24. Nf4 g5 25. Nh5 Nxd4 26. Qd1 Qb4 27. Nf6+ Kg7
28. Kh1 Nc6 29. Rb3 Qe7 30. f4 Bb6 31. Qd2 Rxf6 32. exf6+ Qxf6 33. Rg3 Qd4 34.
Qc3 Qxc3 35. bxc3 Bc7 36. Rb1 b6 37. Re3 Kf6 38. Rbe1 Nd8 39. fxg5+ hxg5 40. g3
f4 41. Rf3 Nc6 42. Kg2 e5 43. Rd3 Ne7 44. c4 e4 45. Rdd1 Ke5 46. h4 f3+ 47. Kh3
{Diagrama [#]} d4 48. Rxe4+ Kxe4 49. Re1+ Kf5 50. Rxe7 g4+ 51. Kh2 Be5 52. h5
d3 53. h6 Bf6 54. Rd7 Ke4 55. Kg1 Ke3 56. Kf1 d2 57. h7 a5 58. Rd6 Bc3 59. c5
bxc5 60. Kg1 Bd4 61. Re6+ Kd3+ 62. Kh2 d1=Q 0-1

[Event "XLII Abierto Internacional Ciudad de Se"]
[Site "Sevilla (SPAIN)"]
[Date "2017.01.19"]
[Round "7.9"]
[White "Gutierrez Olivares, Daniel"]
[Black "Deepan, Chakkravarthy J"]
[Result "1-0"]
[WhiteElo "2313"]
[BlackElo "2485"]
[PlyCount "63"]
[EventDate "2017.01.13"]

1. c4 e5 2. g4 d6 3. Bg2 f5 4. Nc3 Nf6 5. e3 Be7 6. Nge2 O-O 7. d3 c6 8. O-O
Be6 9. b4 Nbd7 10. a4 d5 11. cxd5 cxd5 12. Qb3 Kh8 13. a5 Bg8 14. d4 Ne4 15.
Rd1 Rc8 16. Na4 Rc4 17. Ba3 f4 18. exf4 exd4 19. Nxd4 Bf6 {Diagrama [#]} 20.
Bb2 Qe7 21. b5 Rfc8 22. Qe3 Qb4 23. Bh3 Rd8 24. a6 bxa6 25. Nc6 Qxb5 26. Bxf6
Ndxf6 27. Nxd8 Rxa4 28. Qxa7 Qe8 29. Rxa4 Qxa4 30. Rb1 Nd2 31. Nf7+ Bxf7 32.
Qxf7 1-0

[Event "XLII Abierto Internacional Ciudad de Se"]
[Site "Sevilla (SPAIN)"]
[Date "2017.01.19"]
[Round "7.10"]
[White "Aguera Naredo, Javier"]
[Black "Lopez Martinez, Josep Manuel"]
[Result "1/2-1/2"]
[WhiteElo "2361"]
[BlackElo "2552"]
[PlyCount "147"]
[EventDate "2017.01.13"]

1. e4 e5 2. Nf3 Nc6 3. Bb5 a6 4. Ba4 b5 5. Bb3 Bb7 6. d3 Nf6 7. Nc3 Be7 8. O-O
d6 9. a3 O-O 10. Ba2 Nb8 11. Ne2 Nbd7 12. Ng3 c5 13. Nf5 d5 14. exd5 Nxd5 15.
Re1 Bf6 16. Nd2 g6 17. Nh6+ Kg7 18. Ng4 h5 19. Nxf6 Qxf6 20. Qf3 Qxf3 21. Nxf3
f6 22. Nd2 g5 23. Ne4 Kg6 24. Bd2 h4 25. b4 cxb4 26. axb4 Rfd8 27. f3 Bc6 28.
Bb3 Ne7 29. Ra2 Nf5 30. c3 Nb6 31. Bc2 Na4 32. Kf2 Bd5 33. Ra3 Bc6 34. Rea1
Rac8 35. Ke1 h3 36. g3 Bxe4 37. fxe4 Nh6 38. Ke2 Rd6 39. Bxa4 bxa4 40. c4 Ng4
41. Be3 Nxh2 42. Rh1 Ng4 43. Rxh3 Nxe3 44. Kxe3 Rb6 45. Rxa4 Rcb8 46. Rh2 Rxb4
47. Rxa6 Rb1 48. Rf2 Kh5 49. Raxf6 Kg4 50. R6f5 Re1+ 51. Re2 Rg1 52. Rxe5 Rxg3+
53. Kd4 Rg1 54. Rf2 Kh3 55. Rd5 g4 56. Rf6 g3 57. Rh6+ Kg2 58. e5 Rg8 59. e6
Rg4+ 60. Kc5 Re1 61. Kd6 Kg1 62. e7 g2 63. Re6 Rxe6+ 64. Kxe6 Kf2 65. e8=Q g1=Q
66. Kf6 Qg3 67. Rf5+ Kg1 68. Qe5 Qh4+ 69. Ke6 Rg6+ 70. Kd5 Qd8+ 71. Ke4 Qh4+
72. Kd5 Qd8+ 73. Ke4 Qh4+ 74. Kd5 {Diagrama [#]} 1/2-1/2

[Event "XLII Abierto Internacional Ciudad de Se"]
[Site "Sevilla (SPAIN)"]
[Date "2017.01.19"]
[Round "7.11"]
[White "Krysa, Leandro"]
[Black "Chueca Forcen, Alberto"]
[Result "1-0"]
[WhiteElo "2491"]
[BlackElo "2351"]
[PlyCount "60"]
[EventDate "2017.01.13"]

1. Nf3 d5 2. g3 Nf6 3. Bg2 c6 4. O-O Bg4 5. h3 Bh5 6. d4 e6 7. c4 Nbd7 8. cxd5
exd5 9. Qb3 Nb6 10. Nc3 Be7 11. a4 Bxf3 12. Bxf3 Qd7 13. a5 Nc8 14. e4 dxe4 15.
Nxe4 Nxe4 16. Bxe4 Nd6 17. Bg2 O-O 18. Rd1 Rac8 19. Bf4 Rfd8 20. a6 b5 21. Rac1
Nc4 22. d5 c5 23. Bf1 g5 24. Be3 Nxe3 25. Qxe3 Re8 26. d6 Bf6 27. Bxb5 Qxb5 28.
d7 Rxe3 29. dxc8=Q+ Re8 30. Rxc5 Qe2 {Diagrama [#] Ilegible} 1-0

[Event "XLII Abierto Internacional Ciudad de Se"]
[Site "Sevilla (SPAIN)"]
[Date "2017.01.19"]
[Round "7.12"]
[White "Pogorelov, Ruslan"]
[Black "Fernandez Romero, Ernesto"]
[Result "1/2-1/2"]
[WhiteElo "2355"]
[BlackElo "2473"]
[PlyCount "54"]
[EventDate "2017.01.13"]

1. c4 Nf6 2. Nc3 e5 3. Nf3 Nc6 4. e3 Bb4 5. Qc2 Bxc3 6. Qxc3 Qe7 7. a3 d5 8.
cxd5 Nxd5 9. Qb3 Nb6 10. d3 O-O 11. Be2 a5 12. Bd2 Rd8 13. Bc3 a4 14. Qc2 f6
15. O-O Be6 16. Nd2 Na5 17. Bb4 Qf7 18. Rac1 c6 19. Qc5 Nd7 20. Qc3 Nb3 21.
Nxb3 Bxb3 22. d4 exd4 23. Qxd4 Ne5 24. Qf4 Nd3 25. Bxd3 Rxd3 26. Bc3 c5 27. e4
Re8 {Diagrama [#]} 1/2-1/2

[Event "XLII Abierto Internacional Ciudad de Se"]
[Site "Sevilla (SPAIN)"]
[Date "2017.01.19"]
[Round "7.13"]
[White "Damia, Angelo"]
[Black "Harutjunyan, Gevorg"]
[Result "0-1"]
[WhiteElo "2233"]
[BlackElo "2437"]
[PlyCount "82"]
[EventDate "2017.01.13"]

1. e4 c6 2. d4 d5 3. exd5 cxd5 4. Bd3 Nc6 5. c3 g6 6. Ne2 Bg7 7. Bg5 f6 8. Bh4
Nh6 9. f4 Bf5 10. Bf2 O-O 11. Bxf5 Nxf5 12. g4 Nh6 13. Rg1 Qd7 14. h3 e5 15.
Qd3 Rae8 16. Kd1 b5 17. Nd2 b4 18. Rc1 e4 19. Qg3 bxc3 20. Qxc3 Rc8 21. Nb3 f5
22. Nc5 Qe7 {Diagrama [#]} 23. g5 Nf7 24. Be3 Nd6 25. Ke1 Nc4 26. Kf2 a5 27. b3
Nb4 28. bxc4 Rxc5 29. Qxb4 axb4 30. dxc5 d4 31. Nxd4 Bxd4 32. Bxd4 Ra8 33. Rcd1
Rxa2+ 34. Kg3 Ra3+ 35. Kh4 Rd3 36. c6 Qd6 37. Be5 Qxc6 38. Ra1 Qc5 39. Rg3 Qf2
40. Rag1 Rxg3 41. Rxg3 e3 0-1

[Event "XLII Abierto Internacional Ciudad de Se"]
[Site "Sevilla (SPAIN)"]
[Date "2017.01.19"]
[Round "7.14"]
[White "Perez Mitjans, Orelvis"]
[Black "Sgnaolin, Davide"]
[Result "1/2-1/2"]
[WhiteElo "2427"]
[BlackElo "2241"]
[PlyCount "87"]
[EventDate "2017.01.13"]

1. e4 c5 2. Nf3 Nc6 3. Bb5 g6 4. O-O Bg7 5. c3 Nf6 6. Qa4 O-O 7. d4 cxd4 8.
cxd4 d5 9. e5 Nd7 10. Bxc6 Nb6 11. Qa5 bxc6 12. Nbd2 Nd7 13. Qa3 a5 14. Re1 Re8
15. Nb3 a4 16. Bd2 Nb6 17. Na5 Nc4 18. Nxc4 dxc4 19. Bb4 Be6 20. Qe3 Qd7 21. a3
Bd5 22. Nd2 Qg4 23. f3 Qh5 24. Ne4 f5 25. Ng3 Qh4 26. Qf2 e6 27. Rac1 Bh6 28.
Rc2 Reb8 29. Ne4 Qxf2+ 30. Nxf2 Kf7 31. Nd1 Rg8 32. Bd2 Bf8 33. Ne3 g5 34. Nxc4
g4 35. f4 Bxc4 36. Rxc4 Rb8 37. Bc1 Rb3 38. Rxa4 Be7 39. Re3 Rgb8 40. Kf2 c5
41. Rxb3 Rxb3 42. dxc5 Bxc5+ 43. Ke2 Bg1 44. Ra8 {Diagrama [#] ilegible}
1/2-1/2

[Event "XLII Abierto Internacional Ciudad de Se"]
[Site "Sevilla (SPAIN)"]
[Date "2017.01.19"]
[Round "7.15"]
[White "Silva Lucena, Cristian"]
[Black "Teran Alvarez, Ismael"]
[Result "1/2-1/2"]
[WhiteElo "2254"]
[BlackElo "2378"]
[PlyCount "22"]
[EventDate "2017.01.13"]

1. e4 c5 2. Nf3 Nc6 3. d4 cxd4 4. Nxd4 e5 5. Nb5 d6 6. N1c3 a6 7. Na3 Be6 8.
Nc4 b5 9. Ne3 Nf6 10. Ned5 Bxd5 11. Nxd5 Nxe4 {Diagrama [#]} 1/2-1/2

[Event "XLII Abierto Internacional Ciudad de Se"]
[Site "Sevilla (SPAIN)"]
[Date "2017.01.19"]
[Round "7.16"]
[White "Estremera Paños, Sergio"]
[Black "Carrascoso Morales, Abel"]
[Result "1-0"]
[WhiteElo "2375"]
[BlackElo "2200"]
[PlyCount "93"]
[EventDate "2017.01.13"]

1. d4 Nf6 2. c4 g6 3. Nc3 Bg7 4. e4 d6 5. Nf3 O-O 6. Be2 e5 7. d5 a5 8. Bg5 h6
9. Be3 Ng4 10. Bd2 f5 11. exf5 {Diagrama [#]} gxf5 12. h3 Nxf2 13. Kxf2 e4 14.
Ne1 Bd4+ 15. Be3 Qh4+ 16. g3 Bxe3+ 17. Kxe3 f4+ 18. Kd2 fxg3 19. Ng2 Qf6 20.
Rf1 Qg5+ 21. Ne3 Bxh3 22. Rxf8+ Kxf8 23. Bg4 Bxg4 24. Qxg4 Qxg4 25. Nxg4 h5 26.
Ne3 Nd7 27. Nxe4 h4 28. Rh1 Ne5 29. Ng5 Kg7 30. Ke2 Kg6 31. Ne4 Rh8 32. Nxg3 h3
33. Ngf1 Kg5 34. Rg1+ Kf4 35. Nh2 Rh7 36. b3 Ke4 37. Neg4 Nd7 38. Nf2+ Kd4 39.
Rg3 Ne5 40. Nxh3 Nxc4 41. bxc4 Kxc4 42. Ng4 Re7+ 43. Ne3+ Kc3 44. Nf2 Kb2 45.
Kd2 Kxa2 46. Nc2 Rh7 47. Ra3+ 1-0

[Event "XLII Abierto Internacional Ciudad de Se"]
[Site "Sevilla (SPAIN)"]
[Date "2017.01.19"]
[Round "7.17"]
[White "Helmer, Christoph"]
[Black "Gleizerov, Evgeny"]
[Result "0-1"]
[WhiteElo "2126"]
[BlackElo "2518"]
[PlyCount "128"]
[EventDate "2017.01.13"]

1. e4 e6 2. d4 d5 3. Nd2 Nf6 4. e5 Nfd7 5. Bd3 c5 6. c3 Nc6 7. Ne2 cxd4 8. cxd4
f6 9. exf6 Nxf6 10. O-O Bd6 11. Nf3 O-O 12. Bf4 Bxf4 13. Nxf4 Ng4 14. g3 g5 15.
Ng2 Qf6 16. Be2 Nh6 17. Qd2 Nf5 18. Rad1 h6 19. Ne3 a6 20. Nxf5 exf5 21. Ne5 f4
22. Bf3 Be6 23. Qd3 Qg7 24. Rfe1 Rf6 25. Ng4 Bxg4 26. Bxg4 Kh8 27. Re2 Raf8 28.
Rde1 fxg3 29. hxg3 R6f7 30. Rd1 Re7 31. Rxe7 Qxe7 32. Qe3 Qf6 33. Rd2 Kg7 34.
Kg2 Rf7 35. Qe6 Ne7 36. Re2 Nc6 37. Qxd5 Nxd4 38. Rd2 Nc6 39. Bh5 Re7 40. Qf3
Ne5 41. Qxf6+ Kxf6 42. Rd6+ Re6 {Diagrama [#]} 43. Rxe6+ Kxe6 44. Be2 Kf5 45.
f3 h5 46. f4 gxf4 47. gxf4 Kxf4 48. Bxh5 Nd3 49. b3 Ke3 50. Bg4 b6 51. Bc8 a5
52. a3 Kd2 53. Kf3 Kc3 54. Ke3 Ne1 55. Ke4 Kxb3 56. Kd5 Kxa3 57. Kc6 Kb4 58.
Kxb6 a4 59. Be6 a3 60. Bf7 Nd3 61. Ba2 Nc1 62. Bb1 Kb3 63. Ka5 Kb2 64. Kb4 Ne2
0-1

[Event "XLII Abierto Internacional Ciudad de Se"]
[Site "Sevilla (SPAIN)"]
[Date "2017.01.19"]
[Round "7.18"]
[White "Draghici Flutur*, Gavril"]
[Black "Alvarez Marquez, Johann Carlos"]
[Result "0-1"]
[WhiteElo "2123"]
[BlackElo "2404"]
[PlyCount "22"]
[EventDate "2017.01.13"]

1. e4 c5 2. Nf3 Nc6 3. Bb5 g6 4. O-O Bg7 5. Re1 Nf6 6. c3 O-O 7. e5 Nd5 8. d4
cxd4 9. cxd4 d6 10. Nc3 f5 11. Bxc6 bxc6 {Diagrama [#] Ilegible} 0-1

[Event "XLII Abierto Internacional Ciudad de Se"]
[Site "Sevilla (SPAIN)"]
[Date "2017.01.19"]
[Round "7.20"]
[White "Valenti, Giuseppe"]
[Black "Naranjo Moreno, Antonio"]
[Result "0-1"]
[WhiteElo "2123"]
[BlackElo "2358"]
[PlyCount "53"]
[EventDate "2017.01.13"]

1. e4 c5 2. Nf3 d6 3. d4 cxd4 4. Nxd4 Nf6 5. Nc3 g6 6. Be3 Bg7 7. f3 O-O 8. Bc4
Nc6 9. Qd2 Bd7 10. h4 h5 11. O-O-O Rc8 12. Bb3 Ne5 13. Bg5 Rc5 14. Kb1 b5 15.
Rhe1 {Diagrama [#]} Nc4 16. Bxc4 bxc4 17. e5 dxe5 18. Nde2 Rc7 19. Bxf6 exf6
20. Nb5 Rb7 21. Nd6 Rb8 22. Nxc4 Be6 23. Qe3 Qc7 24. Nd6 Rb6 25. Ne4 Bxa2+ 26.
Kxa2 Qxc2 27. Qc3 0-1

[Event "XLII Abierto Internacional Ciudad de Se"]
[Site "Sevilla (SPAIN)"]
[Date "2017.01.20"]
[Round "8.1"]
[White "Karthikeyan, P."]
[Black "Moroni, Luca Jr"]
[Result "1-0"]
[WhiteElo "2488"]
[BlackElo "2468"]
[PlyCount "79"]
[EventDate "2017.01.13"]

1. Nf3 d5 2. g3 Nf6 3. Bg2 e6 4. O-O c5 5. d4 cxd4 6. Nxd4 e5 7. Nb3 Be6 8. Nc3
Be7 9. f4 exf4 10. gxf4 g6 11. Kh1 {Diagrama [#]} (11. Nd4 $142 Nc6 12. f5 Bc8
13. Bh6 Ng4 $11) 11... Nc6 12. Nd4 Bg4 13. f5 Rc8 14. Bh6 Bf8 15. Bxf8 Kxf8 (
15... Rxf8 16. h3 Nxd4 17. Qxd4 Bxf5 18. Qxa7 Qd6 $14) 16. h3 Nxd4 17. Qxd4 Rc4
18. Qe5 Bxf5 (18... Kg7 19. fxg6 Bxh3 20. gxf7 Bxg2+ 21. Kxg2 Rg4+ $16) 19.
Nxd5 Re4 20. Qxf6 Qxf6 21. Nxf6 Rxe2 22. Rae1 Rxc2 23. Rxf5 gxf5 24. Re8+ Kg7
25. Nh5+ Kh6 26. Rxh8 Kxh5 27. Bxb7 Rxb2 28. Bd5 Kg6 29. Rg8+ Kf6 30. Rf8 a5
31. Ra8 Rb5 32. Bb3 Kg6 33. Kg2 Rc5 34. Rd8 Rc3 35. Rd5 f4 36. Rxa5 Rg3+ 37.
Kh2 h5 38. Bc2+ Kh6 39. Rf5 Rf3 40. Rxh5+ 1-0

[Event "XLII Abierto Internacional Ciudad de Se"]
[Site "Sevilla (SPAIN)"]
[Date "2017.01.20"]
[Round "8.2"]
[White "Montero Melendez, Rafael"]
[Black "Stany, G.A."]
[Result "1/2-1/2"]
[WhiteElo "2304"]
[BlackElo "2485"]
[PlyCount "62"]
[EventDate "2017.01.13"]

1. c4 e5 2. g3 Nc6 3. Nc3 g6 4. Bg2 Bg7 5. e4 d6 6. Nge2 Be6 7. d3 Qd7 8. Nd5
Nce7 9. d4 c6 10. Ne3 exd4 11. Nxd4 Bh3 12. O-O Bxg2 13. Kxg2 Nh6 14. Rb1 O-O
15. b3 d5 16. exd5 cxd5 17. cxd5 Nxd5 18. Nf3 Nxe3+ 19. Bxe3 Qb5 20. a4 Qa6 21.
Re1 Nf5 22. Bc5 Rfd8 23. Qe2 Qc6 24. Rbc1 Bh6 25. Rc4 Re8 26. Qd1 Rxe1 27. Qxe1
Re8 28. Qd1 b6 29. Bf8 Qb7 30. Bxh6 Nxh6 31. Rd4 Nf5 {Diagrama [#]} 1/2-1/2

[Event "XLII Abierto Internacional Ciudad de Se"]
[Site "Sevilla (SPAIN)"]
[Date "2017.01.20"]
[Round "8.3"]
[White "Santos Latasa, Jaime"]
[Black "Gutierrez Olivares, Daniel"]
[Result "1-0"]
[WhiteElo "2566"]
[BlackElo "2313"]
[PlyCount "107"]
[EventDate "2017.01.13"]

1. e4 e6 2. Qe2 c5 3. g3 Nc6 4. Nf3 Be7 5. Bg2 d5 6. d3 Nf6 7. O-O O-O 8. e5
Nd7 9. c4 Nb6 10. h4 Bd7 11. Bf4 Rc8 12. Nbd2 a5 13. a4 Nd4 14. Nxd4 cxd4 15.
b3 Bc6 16. Nf3 Bc5 17. Rad1 Nd7 18. Ng5 h6 19. Nf3 Re8 20. h5 Qb6 21. Rb1 Be7
22. g4 dxc4 23. bxc4 Qa7 24. g5 hxg5 $11 25. Nxg5 Bxg2 26. Kxg2 Bxg5 27. Bxg5
Rc5 $6 $16 {Mejor:} (27... Qc5 28. Rxb7 Nxe5 29. Rb5 Qc6+ 30. f3 Nd7 $14) 28.
Bf4 Qb8 29. Qe4 b6 30. Rfe1 Qa8 31. Qxa8 Rxa8 32. Re4 Rc6 33. Rxd4 Nc5 34. Rd6
{Diagrama [#]} Rxd6 $6 $18 {Mejor} (34... Rac8 35. Kf3 Nxa4 36. Be3 Kh7 37.
Bxb6 Rxb6 38. Rbxb6 Nxb6 39. Rxb6 Ra8 40. Rb3 a4 41. Ra3 $14) 35. exd6 $2 Nxa4
36. d4 Kf8 37. c5 bxc5 38. Ra1 Nb2 39. dxc5 Nd3 40. Be3 Nb4 41. Bd2 Nc6 42. Rb1
Ra6 43. Bc3 e5 44. Kf3 f5 45. Ke3 a4 46. Kd3 a3 47. Kc4 a2 48. Rd1 Ra3 49. Bb2
Rf3 50. Kd5 Nb4+ 51. Ke6 Rd3 $4 {Si} (51... Nc6 52. Ra1 Ke8 53. d7+ Kf8 54.
Rxa2 Nd8+ 55. Kd6 Rd3+ 56. Kc7 Ke7 57. c6 $18) 52. Rxd3 Nxd3 53. c6 Nc5+ 54.
Kd5 1-0

[Event "XLII Abierto Internacional Ciudad de Se"]
[Site "Sevilla (SPAIN)"]
[Date "2017.01.20"]
[Round "8.4"]
[White "Anurag, Mhamal"]
[Black "Saric, Ante"]
[Result "1-0"]
[WhiteElo "2423"]
[BlackElo "2542"]
[PlyCount "63"]
[EventDate "2017.01.13"]

1. e4 c5 2. Nf3 e6 3. d4 cxd4 4. Nxd4 a6 5. c4 Nf6 6. Nc3 Qc7 7. a3 b6 8. Be3
Bb7 9. f3 Be7 10. Be2 d6 11. O-O O-O 12. Rc1 Nbd7 13. Qe1 Rfc8 14. Qf2 Rab8 15.
b4 Qd8 16. Rfd1 Ba8 17. Nb3 Qe8 18. Na4 {Diagrama [#]} Nc5 {Mejor} (18... Qd8
19. Bf4 e5 20. Be3 Nh5 21. Bf1 $14) 19. bxc5 Qxa4 20. cxd6 Bxd6 21. Rxd6 Qxb3
22. Rd3 Qa2 23. Bf4 Qb2 24. Rdc3 Rb7 25. Qe1 e5 26. Be3 Rbc7 27. R1c2 $18 Qxc2
28. Rxc2 b5 29. Qa5 h6 30. Qxa6 Bc6 31. cxb5 Bxb5 32. Qxc8+ 1-0

[Event "XLII Abierto Internacional Ciudad de Se"]
[Site "Sevilla (SPAIN)"]
[Date "2017.01.20"]
[Round "8.5"]
[White "Kogan, Arthur"]
[Black "Ulybin, Mikhail"]
[Result "1/2-1/2"]
[WhiteElo "2530"]
[BlackElo "2483"]
[PlyCount "49"]
[EventDate "2017.01.13"]

1. d4 e6 2. c4 f5 3. g3 Nf6 4. Bg2 d5 5. e3 c6 6. Nd2 Bd6 7. Ne2 O-O 8. O-O b5
9. b3 bxc4 10. bxc4 Ne4 11. c5 Bc7 12. Bb2 Ba6 13. Nb3 Nd7 14. f3 Nef6 15. Re1
g5 16. Qc2 g4 17. Nf4 Qe7 18. Nd3 gxf3 19. Bxf3 Bxd3 20. Qxd3 a5 21. Nc1 Ne4
22. Ne2 e5 23. Bg2 Rab8 24. Ba3 Ng5 25. Nc3 {Diagrama [#] Ilegible} 1/2-1/2

[Event "XLII Abierto Internacional Ciudad de Se"]
[Site "Sevilla (SPAIN)"]
[Date "2017.01.20"]
[Round "8.6"]
[White "Harutjunyan, Gevorg"]
[Black "Burmakin, Vladimir"]
[Result "1-0"]
[WhiteElo "2437"]
[BlackElo "2526"]
[PlyCount "57"]
[EventDate "2017.01.13"]

1. e4 c6 2. d4 d5 3. e5 Bf5 4. h4 h5 5. c4 e6 6. Nc3 Ne7 7. Nge2 dxc4 8. Ng3 b5
9. Bg5 Qd7 10. a4 b4 11. Nce4 Bxe4 12. Nxe4 Nf5 13. Bxc4 Nxd4 14. O-O c5 15.
Bb5 Nbc6 16. Be3 a6 17. Bxd4 cxd4 18. Bxc6 Qxc6 19. Qf3 Rc8 20. Qf4 Qd7 21.
Rac1 Rxc1 22. Rxc1 {Diagrama [#]} d3 23. Qf3 Be7 24. Nd6+ Bxd6 25. Qa8+ Qd8 26.
Rc8 Ke7 27. exd6+ Qxd6 28. Rxh8 d2 29. Qf8+ 1-0

[Event "XLII Abierto Internacional Ciudad de Se"]
[Site "Sevilla (SPAIN)"]
[Date "2017.01.20"]
[Round "8.7"]
[White "Estremera Paños, Sergio"]
[Black "Lemos, Damian"]
[Result "1/2-1/2"]
[WhiteElo "2375"]
[BlackElo "2516"]
[PlyCount "43"]
[EventDate "2017.01.13"]

1. d4 Nf6 2. c4 e6 3. Nc3 Bb4 4. e3 O-O 5. Bd3 d5 6. Nf3 b6 7. O-O dxc4 8. Bxc4
c5 9. Qe2 cxd4 10. exd4 Nc6 11. a3 Be7 12. Rd1 Na5 13. Ba2 Bb7 14. b4 Rc8 15.
Bb2 Bxf3 16. gxf3 Nb7 17. d5 e5 18. Nb5 Nh5 19. Bxe5 Bg5 20. Qe4 Bh6 21. Kh1
Qd7 22. Nd4 {Diagrama [#] Ilegible} 1/2-1/2

[Event "XLII Abierto Internacional Ciudad de Se"]
[Site "Sevilla (SPAIN)"]
[Date "2017.01.20"]
[Round "8.8"]
[White "Sundararajan, Kidambi"]
[Black "Krysa, Leandro"]
[Result "0-1"]
[WhiteElo "2420"]
[BlackElo "2491"]
[PlyCount "56"]
[EventDate "2017.01.13"]

1. c4 c5 2. Nc3 g6 3. g3 Bg7 4. Bg2 Nc6 5. Nf3 d6 6. O-O e6 7. a3 Nge7 8. b4
O-O 9. Rb1 b6 10. bxc5 bxc5 11. Bb2 Rb8 12. Ba1 Rxb1 13. Qxb1 Qd7 14. Nb5 e5
15. d3 Nd4 16. e3 Ne2+ 17. Kh1 a6 18. Nxd6 Qxd6 19. Qc2 Bf5 20. e4 Nxg3+ 21.
fxg3 Bc8 22. Bc3 Rd8 23. Qf2 Nc6 24. Ne1 Be6 25. Bd2 Rb8 26. Be3 Nd4 27. g4 Rb3
28. g5 Rxa3 {Diagrama [#] ILEGIBLE} 0-1

[Event "XLII Abierto Internacional Ciudad de Se"]
[Site "Sevilla (SPAIN)"]
[Date "2017.01.20"]
[Round "8.9"]
[White "Basso, Pier Luigi"]
[Black "Campora, Daniel H"]
[Result "1/2-1/2"]
[WhiteElo "2448"]
[BlackElo "2443"]
[PlyCount "21"]
[EventDate "2017.01.13"]

1. e4 e5 2. Nf3 d6 3. d4 exd4 4. Nxd4 Nf6 5. Nc3 Be7 6. Bc4 O-O 7. O-O Nc6 8.
Nxc6 bxc6 9. Re1 Nd7 10. Be3 Bf6 11. Bd4 {Diagrama [#]} 1/2-1/2

[Event "XLII Abierto Internacional Ciudad de Se"]
[Site "Sevilla (SPAIN)"]
[Date "2017.01.20"]
[Round "8.10"]
[White "Parligras, Mircea"]
[Black "Pogorelov, Ruslan"]
[Result "1-0"]
[WhiteElo "2605"]
[BlackElo "2355"]
[PlyCount "97"]
[EventDate "2017.01.13"]

1. d4 Nf6 2. c4 e6 3. Nf3 b6 4. g3 Bb4+ 5. Bd2 Be7 6. Bg2 Bb7 7. Nc3 c6 8. O-O
d5 9. Qc2 O-O 10. e4 dxc4 11. e5 Nd5 12. Ne4 h6 13. Rfd1 b5 14. b3 cxb3 15.
axb3 Nd7 16. Ba5 Qe8 17. Ne1 {Diagrama [#]} c5 18. Nxc5 Bxc5 19. dxc5 Nxe5 20.
Bc7 f6 21. Bd6 Rf7 22. Bxe5 fxe5 23. Nd3 e4 24. Ne5 Rc7 25. Bxe4 Nb4 26. Bh7+
Kh8 27. Qb1 Bd5 28. Bg6 Qe7 29. Bf7 Qxf7 30. Nxf7+ Rxf7 31. Rd4 a5 32. Qd1 Nc6
33. Rxd5 exd5 34. Qxd5 Rf6 35. Qd3 Rb8 36. Re1 a4 37. bxa4 bxa4 38. Re4 Ra8 39.
Qd7 Kh7 40. Rg4 Rg8 41. Rxa4 Ne5 42. Qe7 Nf3+ 43. Kg2 Rgf8 44. Qe4+ Kh8 45. Ra8
Ng5 46. Rxf8+ Rxf8 47. Qe7 Kg8 48. c6 Nf7 49. c7 1-0

[Event "XLII Abierto Internacional Ciudad de Se"]
[Site "Sevilla (SPAIN)"]
[Date "2017.01.20"]
[Round "8.11"]
[White "Lopez Martinez, Josep Manuel"]
[Black "Melero Fidalgo, Juan De Dios"]
[Result "1-0"]
[WhiteElo "2552"]
[BlackElo "2340"]
[PlyCount "119"]
[EventDate "2017.01.13"]

1. d4 Nf6 2. c4 e6 3. Nf3 Bb4+ 4. Bd2 Bxd2+ 5. Qxd2 O-O 6. g3 d5 7. Bg2 c6 8.
O-O Nbd7 9. Rc1 b6 10. b4 a5 11. b5 cxb5 12. cxb5 Bb7 13. Nc3 Qe7 14. Qb2 Rfc8
15. a3 Rc7 16. Na4 Rac8 17. e3 Qd8 18. Bf1 h6 19. Bd3 Rxc1+ 20. Rxc1 Rxc1+ 21.
Qxc1 Qc8 22. Qxc8+ Bxc8 23. h3 Kf8 24. Nd2 Ke7 25. f4 Ne8 26. g4 Bb7 27. Kf2 f6
28. Kg3 Nd6 29. Kh4 Kf7 30. Kh5 e5 31. Nc3 e4 32. Bc2 g6+ 33. Kh4 f5 34. Kg3
Ke6 35. Bd1 Nf6 36. g5 Ng8 37. gxh6 Nxh6 38. Be2 Nhf7 39. Na4 Nc8 40. h4 Nfd6
41. h5 gxh5 42. Kh4 Kf6 43. Kxh5 Nf7 44. Nb1 Kg7 45. Nbc3 Kf6 46. Bd1 Nfd6 47.
Bb3 Ke6 48. Kg6 Ne8 49. Kg5 Nf6 50. Bd1 {Diagrama [#]} Ne8 51. Bh5 Nf6 52. Bg6
Nd6 53. Nxb6 Ng4 54. Nd1 Nh2 55. Na4 Nf3+ 56. Kh6 Kf6 57. Nc5 Bc8 58. b6 Nd2
59. Nc3 Be6 60. Nb5 1-0

[Event "XLII Abierto Internacional Ciudad de Se"]
[Site "Sevilla (SPAIN)"]
[Date "2017.01.20"]
[Round "8.12"]
[White "Gleizerov, Evgeny"]
[Black "Sgnaolin, Davide"]
[Result "1-0"]
[WhiteElo "2518"]
[BlackElo "2241"]
[PlyCount "69"]
[EventDate "2017.01.13"]

1. d4 Nf6 2. c4 c5 3. d5 e5 4. Nc3 d6 5. e4 Be7 6. g3 O-O 7. Bg2 Nbd7 8. Nge2
a6 9. a4 Ne8 10. O-O g6 11. f4 exf4 12. gxf4 Bf6 13. Qd3 Bg7 14. Bd2 Nef6 15.
Rae1 Nh5 16. Ng3 Qh4 17. Nxh5 Qxh5 18. Qg3 Bf6 19. Bf3 Qh4 20. b3 Re8 21. Kg2
Qh6 22. Bg4 Qg7 23. Kh1 h5 24. Bh3 {Diagrama [#]} Nf8 25. Bxc8 Raxc8 26. e5
dxe5 27. f5 gxf5 28. Rxf5 Qxg3 29. hxg3 Bg7 30. Ne4 Red8 31. Bg5 Rd7 32. Bh6
Ng6 33. Rxh5 Ne7 34. a5 f5 35. Nxc5 1-0

[Event "XLII Abierto Internacional Ciudad de Se"]
[Site "Sevilla (SPAIN)"]
[Date "2017.01.20"]
[Round "8.13"]
[White "Parligras, Cosmin"]
[Black "Petkov, Vladimir"]
[Result "1/2-1/2"]
[WhiteElo "2266"]
[BlackElo "2500"]
[PlyCount "89"]
[EventDate "2017.01.13"]

1. e4 e5 2. Nf3 Nc6 3. Nc3 g6 4. d4 exd4 5. Nxd4 Bg7 6. Be3 Nge7 7. Qd2 d6 8.
Be2 {Diagrama [#]} a6 9. h4 h5 10. Nxc6 bxc6 11. Bd4 Kf8 12. Bc4 Rb8 13. O-O-O
Rb4 14. b3 a5 15. Kb2 c5 16. Bxg7+ Kxg7 17. e5 Bb7 18. Qf4 Nf5 19. a3 Rb6 20.
Na4 Qe7 21. Nxb6 cxb6 22. exd6 Qf6+ 23. c3 Rd8 24. f3 Bc6 25. a4 Rd7 26. Rd3
Nxd6 27. Qxf6+ Kxf6 28. Bd5 Nf5 29. Be4 Rc7 30. Bxc6 Rxc6 31. g4 c4 32. bxc4
Nd6 33. Kb3 Nxc4 34. gxh5 gxh5 35. Rd5 Ne5 36. f4 Nf3 37. Rxh5 Ke6 38. Rd1 f6
39. Rd3 Nh2 40. Rhd5 f5 41. Re5+ Kf6 42. Rdd5 Nf3 43. Rxf5+ Ke6 44. h5 Nd2+ 45.
Rxd2 1/2-1/2

[Event "XLII Abierto Internacional Ciudad de Se"]
[Site "Sevilla (SPAIN)"]
[Date "2017.01.20"]
[Round "8.14"]
[White "Deepan, Chakkravarthy J"]
[Black "Silva Lucena, Cristian"]
[Result "1-0"]
[WhiteElo "2485"]
[BlackElo "2254"]
[PlyCount "63"]
[EventDate "2017.01.13"]

1. d4 Nf6 2. Nf3 g6 3. g3 Bg7 4. Bg2 d5 5. O-O O-O 6. c4 c6 7. Qb3 Qb6 8. Nc3
Rd8 9. Bf4 {Diagrama [#]} Na6 10. Qxb6 axb6 11. Na4 Nd7 12. cxd5 cxd5 13. Ne5
Nb4 14. Nxd7 Rxa4 15. Nxb6 Ra6 16. a3 e5 17. Bg5 f6 18. Nxc8 fxg5 19. axb4 Rxc8
20. Bxd5+ Kf8 21. Bxb7 Rxa1 22. Rxa1 Rb8 23. Ra7 exd4 24. Bd5 Be5 25. Rf7+ Ke8
26. Rxh7 Rxb4 27. b3 Rb6 28. Kg2 Rf6 29. Bc4 Bd6 30. Rb7 Bc5 31. Bd3 Kf8 32.
Rb5 1-0